00590 2200169 4500245003900000020001800039250001100057100001900068650002000087005001900107260002500126041001400151084000800165300002300173500021500196336000900411 aDave & AlikacErick SobieskihText a979-3750-20-0 aCet. 1 aErick Sobieski aNovel Indonesia a20231004133227 aDepokbTerrant Books aIndonesia a813 a247 hlm. :c16 cm. aBersahabt dengan nino cowok paling kinclong dikampusnya,nggak membuat dave mudah mendapatkan pujaan hatinya. Ia bahkan terkesan sangat betah menyandang julukan " bujang abadi" yang diberikan oleh teman-temanya. atext